Statistics for USA States by Home Ownership

Click here to take the quiz!

General Stats

  • This quiz has been taken 14 times
  • The average score is 8 of 10

Answer Stats

%Answer% Correct
71.5Delaware
100%
72.1Vermont
100%
73.4Maine
92%
71.6New Hampshire
92%
71.6Iowa
77%
72.3Minnesota
77%
71.7Idaho
69%
73.9West Virginia
69%
71.7Wyoming
69%
72.2Michigan
62%

Score Distribution

Percentile by Number Answered

Percent of People with Each Score

Your Score History

You have not taken this quiz